Acentos modernistas en "Gotas amargas" de José Asunción Silva
Gardado en:
| Autores principales: | , |
|---|---|
| Formato: | Desconocido |
| Publicado: |
Colombia:
Universidad de Medellín
|
| Materias: | |
| Etiquetas: |
Engadir etiqueta
Sen Etiquetas, Sexa o primeiro en etiquetar este rexistro!
|
MARC
| LEADER | 000000000a22000000004500 | ||
|---|---|---|---|
| 001 | 000105 | ||
| 022 | |a 0864-0475 | ||
| 100 | 1 | |a Girón López, María Stella =440 ## |a Studies | |
| 100 | 1 | |a Vallejo Ocampo, Marco | |
| 245 | 1 | 0 | |a Acentos modernistas en "Gotas amargas" de José Asunción Silva |
| 260 | |a Colombia: |b Universidad de Medellín | ||
| 310 | |a mensual | ||
| 650 | 4 | |a SILVA, JOSE ASUNCION | |
| 650 | 4 | |a LITERATURA COLOMBIANA | |
| 650 | 4 | |a POESIA | |
| 650 | 4 | |a GOTAS AMARGAS | |
| 773 | 0 | |t Con-Textos: Revista de Semiótica Literaria | |
| 773 | 0 | |g 3 | |
| 773 | 0 | |g 18 | |
| 773 | 0 | |g 1996 | |
| 773 | 0 | |g 29-37 | |
| 999 | |c 878 |d 878 | ||
